000 00337nam a2200133Ia 4500
005 20251222155141.0
008 251222s9999||||xx |||||||||||||| ||spa||
082 _aMEQ.160
100 _aMURILLO JIMENEZ,L.
245 0 _aMedicina de Urgencias Guía Diagnóstica y Protocolos
250 _a2da. ed.
264 _bHarcourt
942 _cLIB
999 _c39189
_d39189